<?xml version="1.0" encoding="UTF-8"?>
<collection xmlns="http://www.loc.gov/MARC21/slim">
  <record>
    <leader>00000nam  2200000   4500</leader>
    <controlfield tag="001">INLIS000000000014649</controlfield>
    <controlfield tag="005">20220925024026</controlfield>
    <datafield tag="035" ind1="#" ind2="#">
      <subfield code="a">0010-0922001411</subfield>
    </datafield>
    <controlfield tag="001">INLIS000000000014648</controlfield>
    <controlfield tag="005">20220925023546</controlfield>
    <datafield tag="035" ind1="#" ind2="#">
      <subfield code="a">0010-0922001410</subfield>
    </datafield>
    <datafield tag="245" ind1="1" ind2="#">
      <subfield code="a">Digitalisasi Layanan Informasi Badan Pendapatan Daerah Kabupaten Kutai Timur /</subfield>
      <subfield code="c">Muhammad Rodiansyah, SE.,M.Si., Ak.CA</subfield>
    </datafield>
    <datafield tag="100" ind1="1" ind2="#">
      <subfield code="a">RODIANSYAH, Muhammad</subfield>
    </datafield>
    <datafield tag="250" ind1="#" ind2="#">
      <subfield code="a">1</subfield>
    </datafield>
    <datafield tag="300" ind1="#" ind2="#">
      <subfield code="a">53 halaman ; lampiran :</subfield>
      <subfield code="b">ilustrasi ;</subfield>
      <subfield code="c">30 cm</subfield>
    </datafield>
    <datafield tag="260" ind1="#" ind2="#">
      <subfield code="a">Samarinda :</subfield>
      <subfield code="b">Puslatbang KDOD,</subfield>
      <subfield code="c">2021</subfield>
    </datafield>
    <datafield tag="084" ind1="#" ind2="#">
      <subfield code="a">PKA 112 2021</subfield>
    </datafield>
    <datafield tag="650" ind1="#" ind2="4">
      <subfield code="a">Proyek Perubahan</subfield>
    </datafield>
    <datafield tag="650" ind1="#" ind2="4">
      <subfield code="a">Administrator</subfield>
    </datafield>
    <datafield tag="650" ind1="#" ind2="4">
      <subfield code="a">sistem informasi</subfield>
    </datafield>
    <datafield tag="650" ind1="#" ind2="4">
      <subfield code="a">teknologi informasi</subfield>
    </datafield>
    <datafield tag="650" ind1="#" ind2="4">
      <subfield code="a">inovasi pemerintah</subfield>
    </datafield>
    <datafield tag="650" ind1="#" ind2="4">
      <subfield code="a">media sosial</subfield>
    </datafield>
    <datafield tag="650" ind1="#" ind2="4">
      <subfield code="a">layanan informasi</subfield>
    </datafield>
    <datafield tag="650" ind1="#" ind2="4">
      <subfield code="a">media informasi</subfield>
    </datafield>
    <datafield tag="650" ind1="#" ind2="4">
      <subfield code="a">pendapatan daerah</subfield>
    </datafield>
    <datafield tag="520" ind1="#" ind2="#">
      <subfield code="a">Laporan proyek perubahan ini menjelaskan masalah kebutuhan informasi terkait Badan Pendapatan Daerah di wilayah Kabupaten Kutai Timur, namun informasi yang ada lambat, sulit, tertutup dan minim. Inovasi Digitalisasi Layanan Informasi dengan mengembangkan website yang menjadi media informasi bersifat real time dan akurat, berisi perkembangan bidang urusan keuangan, potensi pendapatan daerah, dan profil Badan Pendapatan Daerah yang mewujudkan keterbukaan informasi public terhadap masyarakat luas.</subfield>
    </datafield>
    <datafield tag="500" ind1="#" ind2="#">
      <subfield code="a">Coach : Ika Retna Ningrum&#13;
Penguji : Windra Mariani&#13;
Mentor : Syahfur,S. Sos., M.Si</subfield>
    </datafield>
    <datafield tag="990" ind1="#" ind2="#">
      <subfield code="a">PKA/112/2021</subfield>
    </datafield>
  </record>
</collection>
